[Event "EYCC 2024 - O16"]
[Site "?"]
[Date "2024.08.23"]
[Round "2.14"]
[White "Podolskyi, Mykhailo"]
[Black "Salonen, Aku"]
[Result "1-0"]
[BlackElo "2171"]
[WhiteElo "2329"]
[LiveChessVersion "1.4.8"]

1. d4 {[%clk 1:30:47]} Nf6 {[%clk 1:30:52]} 2. c4 {[%clk 1:30:58]} e6
{[%clk 1:31:11]} 3. Nf3 {[%clk 1:31:18]} d5 {[%clk 1:31:25]} 4. Nc3
{[%clk 1:31:41]} Bb4 {[%clk 1:31:42]} 5. cxd5 {[%clk 1:30:55]} exd5
{[%clk 1:32:02]} 6. Qa4+ {[%clk 1:31:21]} Nc6 {[%clk 1:32:13]} 7. Bg5
{[%clk 1:31:45]} h6 {[%clk 1:32:17]} 8. Bxf6 {[%clk 1:32:09]} Qxf6
{[%clk 1:32:36]} 9. e3 {[%clk 1:32:35]} O-O {[%clk 1:32:46]} 10. Be2
{[%clk 1:32:58]} Be6 {[%clk 1:33:04]} 11. O-O {[%clk 1:32:58]} a6
{[%clk 1:29:47]} 12. Qb3 {[%clk 1:30:30]} Rfd8 {[%clk 1:19:21]} 13. Rfc1
{[%clk 1:25:19]} Bd6 {[%clk 1:14:21]} 14. Na4 {[%clk 1:19:21]} Na5
{[%clk 1:07:27]} 15. Qd1 {[%clk 0:49:31]} b6 {[%clk 1:01:57]} 16. Qf1
{[%clk 0:48:02]} Bd7 {[%clk 0:51:41]} 17. Nc3 {[%clk 0:47:23]} c6
{[%clk 0:51:41]} 18. Rab1 {[%clk 0:37:08]} Bf5 {[%clk 0:41:39]} 19. Bd3
{[%clk 0:33:18]} Bxd3 {[%clk 0:40:04]} 20. Qxd3 {[%clk 0:33:40]} b5
{[%clk 0:40:00]} 21. Rc2 {[%clk 0:26:51]} Rac8 {[%clk 0:37:34]} 22. b3
{[%clk 0:24:04]} Re8 {[%clk 0:35:38]} 23. h3 {[%clk 0:23:23]} Qe6
{[%clk 0:34:50]} 24. Ne2 {[%clk 0:16:04]} Qe4 {[%clk 0:29:57]} 25. Qd2
{[%clk 0:12:08]} Bb4 {[%clk 0:28:49]} 26. Qd1 {[%clk 0:12:10]} Bd6
{[%clk 0:25:20]} 27. Ne1 {[%clk 0:10:39]} g5 {[%clk 0:18:58]} 28. Nd3
{[%clk 0:07:50]} Qe6 {[%clk 0:15:34]} 29. Nc5 {[%clk 0:04:53]} Bxc5
{[%clk 0:14:53]} 30. Rxc5 {[%clk 0:05:19]} Nb7 {[%clk 0:15:16]} 31. Rc3
{[%clk 0:04:38]} c5 {[%clk 0:13:02]} 32. dxc5 {[%clk 0:03:38]} Rxc5
{[%clk 0:13:14]} 33. Rbc1 {[%clk 0:03:10]} Rec8 {[%clk 0:12:42]} 34. Rxc5
{[%clk 0:03:08]} Rxc5 {[%clk 0:12:43]} 35. Rxc5 {[%clk 0:03:02]} Nxc5
{[%clk 0:13:11]} 36. Nc3 {[%clk 0:02:46]} Qe5 {[%clk 0:11:11]} 37. Nxd5
{[%clk 0:02:25]} Ne6 {[%clk 0:11:07]} 38. Nb4 {[%clk 0:01:48]} Qc3
{[%clk 0:10:36]} 39. Nxa6 {[%clk 0:00:32]} Qa5 {[%clk 0:10:52]} 40. Nb8
{[%clk 0:00:50]} Qxa2 {[%clk 0:11:12]} 41. Nc6 {[%clk 0:01:02]} Qb2
{[%clk 0:10:52]} 42. Qd5 {[%clk 0:00:31]} Qa1+ {[%clk 0:07:32]} 43. Kh2
{[%clk 0:01:00]} Qf6 {[%clk 0:07:05]} 44. Kg1 {[%clk 0:01:19]} Qa1+
{[%clk 0:07:09]} 45. Kh2 {[%clk 0:01:49]} Qf6 {[%clk 0:07:37]} 46. Qxb5
{[%clk 0:00:38]} Qxf2 {[%clk 0:08:05]} 47. Qb8+ {[%clk 0:01:06]} Kh7
{[%clk 0:07:26]} 48. Ne7 {[%clk 0:00:49]} Kg7 {[%clk 0:07:49]} 49. Qe5+
{[%clk 0:01:09]} Kf8 {[%clk 0:07:42]} 50. Nf5 {[%clk 0:01:28]} Ke8
{[%clk 0:07:27]} 51. Qb5+ {[%clk 0:00:54]} Kd8 {[%clk 0:07:44]} 52. Qb8+
{[%clk 0:01:16]} Kd7 {[%clk 0:08:05]} 53. Qd6+ {[%clk 0:01:43]} Kc8
{[%clk 0:08:25]} 54. Ne7+ {[%clk 0:01:52]} Kb7 {[%clk 0:08:54]} 55. Qc6+
{[%clk 0:02:20]} Ka7 {[%clk 0:09:01]} 56. Nc8+ {[%clk 0:02:29]} Kb8
{[%clk 0:09:29]} 57. Nd6 {[%clk 0:02:25]} 1-0